Las Necrópolis de Ampurias / Martín Almagro
Descripción Física:
2 v. : il. ; 32 cm
Colección:
Monografías ampuritanas ; 3
MARC
| LEADER | 00000nam a2200000Ia 4500 | ||
|---|---|---|---|
| 001 | 986, 987 | ||
| 008 | 160829s1953 - 1955 xx 000 0 cat d | ||
| 080 | |a FOL-1-52, FOL-1-53 | ||
| 100 | 1 | |a Almagro Basch, Martín, |d 1911-1984 |9 23626 | |
| 245 | |a Las Necrópolis de Ampurias / Martín Almagro | ||
| 260 | |a Barcelona : |b Seix y Barral, |c 1953 - 1955 | ||
| 300 | |a 2 v. : |b il. ; |c 32 cm | ||
| 490 | |a Monografías ampuritanas ; 3 | ||
| 590 | |a Conté: v. 1: Introducción y necrópolis griegas; v. 2: Necrópolis romanas y necrópolis indígenas | ||
| 650 | |a Tombes |x Empúries (Ciutat antiga) |9 33970 | ||
| 650 | |a Escala |x Arqueologia |9 23631 | ||
| 651 | 0 | |a Empúries (Ciutat antiga) |9 54667 | |
| 901 | |a Arxiu | ||
| 942 | |n 1 | ||
| 952 | |0 0 |1 0 |4 0 |6 FOL152_FOL153 |7 1 |9 46326 |a Arxiu |b Arxiu |d 2016-12-01 |l 0 |o FOL-1-52, FOL-1-53 |p 986, 987 |r 2016-12-01 00:00:00 |w 2016-12-01 |y ARXIU | ||
| 999 | |c 50111 |d 50111 | ||